000
00309nam a22001337a 4500
003
SGT
020
_a
978-1-4160-5803-6
082
_a
617
_b
S08I
100
_a
ITANI, KAMAL M.F.
245
_a
SURGICAL CLINICS OF NORTH AMERICA
260
_a
PHILADELPHIA
_b
ELSEVIER PUB
_c
2008
300
_a
222
942
_2
ddc
_c
BK
999
_c
18421
_d
18421